| 000 | 00621cam a2200145 4500500 | ||
|---|---|---|---|
| 005 | 20260111093303.0 | ||
| 041 | _afre | ||
| 042 | _adc | ||
| 100 | 1 | 0 |
_aMiossec, Alain _eauthor |
| 245 | 0 | 0 | _aL’imaginaire géographique. Entre géographie, langue et littérature. (sous la direction de Lionel Dupuy et Jean-Yves Puyo) Collection spatialités, Presses Universitaires de Pau, 2015, 427 p., 25 € |
| 260 | _c2015. | ||
| 500 | _a40 | ||
| 786 | 0 | _nLa Géographie | 1556 | 1 | 2015-01-01 | p. 51q-59q | 1964-9002 | |
| 856 | 4 | 1 | _uhttps://shs.cairn.info/revue-la-geographie-2015-1-page-51q?lang=fr&redirect-ssocas=7080 |
| 999 |
_c1625966 _d1625966 |
||